Statistics for 100 Biggest Cities in the United Kingdom on a Map

Click here to take the quiz!

General Stats

  • This quiz has been taken 4,934 times
  • The average score is 48 of 100

Answers on the Map

Answers color-coded by a green-red scale on the quiz's map according to % correct below.
Loading ...
 

Answer Stats

PopCities% Correct
8,869,898London
100%
549,305Manchester
98%
612,040Glasgow
97%
488,050Edinburgh
97%
571,733Liverpool
96%
1,140,754Birmingham
95%
349,941Cardiff
95%
334,420Belfast
94%
282,708Newcastle upon Tyne
91%
500,155Leeds
91%
567,111Bristol
88%
200,680Aberdeen
87%
271,173Southampton
86%
170,350Oxford
85%
155,806Cambridge
85%
541,763Sheffield
84%
184,094Swansea
82%
308,273Nottingham
81%
464,395Leicester
81%
161,875York
80%
242,858Brighton and Hove
80%
242,352Plymouth
80%
195,971Norwich
76%
248,440Portsmouth
74%
288,301Kingston upon Hull
73%
148,280Dundee
67%
362,690Coventry
63%
262,971Derby
62%
124,180Exeter
62%
144,857Blackpool
62%
147,522Ipswich
62%
201,708Bournemouth
61%
227,887Reading
61%
175,595Sunderland
61%
274,810Stoke-on-Trent
61%
100,575Bath
59%
360,145Bradford
59%
215,671Wolverhampton
58%
229,127Northampton
58%
145,563Gloucester
56%
87,507Chester
55%
104,517Lincoln
55%
176,625Middlesbrough
55%
103,753Worcester
50%
131,308Newport
49%
225,033Luton
47%
99,489Preston
46%
174,102Peterborough
45%
118,145Blackburn
44%
200,516Bolton
42%
169,928Huddersfield
41%
181,711Southend-on-Sea
41%
131,404Colchester
41%
189,553Swindon
40%
140,922Watford
39%
182,265Milton Keynes
36%
113,043Doncaster
36%
106,245Wigan
34%
92,407Bedford
29%
158,835Poole
29%
88,099Grimsby
29%
118,298Cheltenham
28%
115,369Chelmsford
28%
162,467Slough
28%
103,351Wakefield
27%
114,183Salford
26%
110,200Rotherham
26%
93,001Hastings
25%
88,996Chesterfield
25%
171,058Warrington
25%
103,792Oldham
25%
96,082Barnsley
24%
91,271Halifax
24%
113,165Eastbourne
24%
86,454St Albans
23%
116,316Maidstone
23%
147,105Telford
21%
109,637Stockport
21%
110,194Rochdale
21%
111,712Crawley
21%
93,199Southport
20%
89,608Hartlepool
20%
92,392Darlington
19%
106,275Woking
18%
125,257High Wycombe
18%
143,835Birkenhead
18%
113,776Basingstoke
18%
104,296St Helens
18%
108,985Gillingham
18%
87,584Weston-super-Mare
17%
121,367Gateshead
16%
113,221Worthing
16%
126,445Solihull
16%
93,222Stevenage
16%
137,382Sale
15%
114,308Basildon
14%
101,159Hemel Hempstead
12%
87,814Nuneaton
12%
108,325Sutton Coldfield
10%
98,432Rayleigh
8%

Score Distribution

Percentile by Number Answered

Percent of People with Each Score

Your Score History

You have not taken this quiz